| 000 | 02187nam a22002657a 4500 | ||
|---|---|---|---|
| 003 | OSt | ||
| 005 | 20250702101826.0 | ||
| 008 | 210205s2012 ck ||||gr|||| 00| 0 spa d | ||
| 020 | _a9789587108453 | ||
| 040 |
_cCO-JMCR _aCO-JMCR |
||
| 041 | 0 | _aspa | |
| 082 | 0 | 4 |
_aA-P _bROAy _223 |
| 100 | 1 |
_aRoa Delagado, Juan Pablo, _eautor _913060 |
|
| 245 | 1 | 2 |
_aYo me pregunto si la noche lenta: _bantología / _cJuan Pablo Roa Delgado |
| 250 | _aPrimera edición | ||
| 260 |
_aBogotá : _bUniversidad Externado de Colombia, _c2012 |
||
| 300 |
_a[72] páginas ; _c15 cm. |
||
| 490 | 0 |
_aLibro por centavos, _vN°, 86 |
|
| 505 | 0 | _aTeníamos un sol sonoro -- Una imagen fugaz -- ya siento el rumor -- Penetro en la otra noche -- Ahora el poema -- Ahora queda sólo -- Estación del viento -- Padre: árbol -- Primera roca -- Voy hacia la luz -- Una luz de ausencia -- Ahora que sabemos -- A ti que no anduviste -- Caminamos bajo aguas encendidas -- Lengua encendida -- Desnudos de padre -- Durante años -- Entonces vino -- Las costumbres -- No eran cenicientas -- Otro viento aviva -- Saca tu imagen Ni el abrazo -- Toda carne -- Ahora paso -- Pero así es el paisaje -- País cuya penumbra -- Como quien es -- La palabra desbroza Buscas en la luz -- Animales invisibles -- Como escribir -- De todas las raíces -- El movimiento -- En esta página el poema -- En esta página vacía -- Hay un roble -- La palabra que canta -- Las bellas formas -- La voz que escribe -- No será quizá -- No somos de aire -- Patria cuyo lugar -- Poema, palabra -- Venía, pues -- Voz: cántaro -- Ahora vuelve -- Persiste la nieve -- Todo hijo -- Seguimos tan solos -- No llamo a los muertos -- Como voz venida -- Apariencia frágil -- Mitad en la luz -- Oscura búsqueda -- El tiempo | |
| 520 | 0 |
_a"En su poesía, Juan Pablo Roa nombra la ausencia, lo perdido y lo alejado con serena tristeza, buscando un sentido ultimo en la palabra, en el misterio de la naturaleza y en la luz consoladora que su espíritu vislumbra" _uTapa posterior |
|
| 650 | 2 | 4 |
_aTristeza _xpoesía _zColombia _913061 |
| 650 | 2 | 4 |
_aPoesía _zColombia _910265 |
| 650 | 2 | 4 |
_aEstados de animo _zColombia _913062 |
| 942 |
_2ddc _cBK |
||
| 999 |
_c7112 _d7112 |
||